000 00308nam a22001337a 4500
008 190226b xxu||||| |||| 00| 0 eng d
020 _a0877545766
041 _aeng
080 _a321
100 _a20
101 _aSHP
245 _aWorld Leaders past & present Stalin
_cSchlesinger,A.M
942 _2udc
_cBK
999 _c54298
_d54298